Central Library OPAC University of Rajshahi

Death of a song and other stories / (Record no. 21600)

MARC details
000 -LEADER
fixed length control field 00677cam a2200229 4500
001 - CONTROL NUMBER
control field 21600
003 - CONTROL NUMBER IDENTIFIER
rucl marc code BD-RjUL
005 - DATE AND TIME OF LATEST TRANSACTION
control field 20211209000715.0
008 - FIXED-LENGTH DATA ELEMENTS--GENERAL INFORMATION
fixed length control field 140305s1973 ii 000 1 eng
035 ## - SYSTEM CONTROL NUMBER
System control number (BD-RjUL)21664
040 ## - CATALOGING SOURCE
Original cataloging agency DLC
Transcribing agency DLC
Modifying agency DLC
-- BD-RjUL
Language of cataloging eng
041 ## - LANGUAGE CODE
Language code of text/sound track or separate title eng
082 00 - DEWEY DECIMAL CLASSIFICATION NUMBER
Classification number 891.4237
Author mark and year DUD 1973
100 1# - MAIN ENTRY--PERSONAL NAME
Personal name Duggal, Kartar Singh,
Dates associated with a name 1917-2012.
9 (RLIN) 66707
245 10 - TITLE STATEMENT
Title Death of a song and other stories /
Statement of responsibility, etc. K. S. Duggal.
260 ## - PUBLICATION, DISTRIBUTION, ETC. (IMPRINT)
Place of publication, distribution, etc. New Delhi :
Name of publisher, distributor, etc. Arnold-Heinemann India,
Date of publication, distribution, etc. 1973.
300 ## - PHYSICAL DESCRIPTION
Pagination 186 p. ;
Size 23 cm.
651 #0 - SUBJECT ADDED ENTRY--GEOGRAPHIC NAME
Geographic name India
General subdivision Social life and customs
-- Fiction.
9 (RLIN) 23940
942 ## - ADDED ENTRY ELEMENTS (KOHA)
Source of classification or shelving scheme Dewey Decimal Classification
Koha item type Books
Holdings
Lost status Source of classification or shelving scheme Damaged status Not for loan Collection code Permanent Location Current Location Shelving location Date acquired Source of acquisition Total Checkouts Full call number Date last seen Copy number Koha item type
  Dewey Decimal Classification   Added to bundle Non-fiction Central Library, University of Rajshahi Central Library, University of Rajshahi Reading Room 30/10/1990 Shaukat Osman   891.4237 DUD 1973 05/03/2014 C-1 Books